| 000 | 00583nam a2200193Ia 4500 | ||
|---|---|---|---|
| 005 | 20250508155647.0 | ||
| 008 | 008 250505s9999 xx 000 0 hin d | ||
| 037 | _aBooks to be hide in OPAC | ||
| 040 |
_aFEDL _beng _cFEDL |
||
| 041 |
_ahin _2hin |
||
| 084 |
_a379.111, IND/O _qFEDL |
||
| 100 | _aNaik J P | ||
| 245 | 0 | _aShekshik aayojan ki ek nai disha | |
| 245 | 0 | _cNCERT (New Delhji India) | |
| 260 |
_aNew Delhi, India _bNational Council of Educational Research and Training |
||
| 300 | _a16p | ||
| 942 |
_cHB _h379.111, IND/O |
||
| 999 |
_c1358600 _d1358600 |
||